| 000 -LEADER |
| fixed length control field |
00357 a2200133 4500 |
| 005 - DATE AND TIME OF LATEST TRANSACTION |
| control field |
20240730171656.0 |
| 008 - FIXED-LENGTH DATA ELEMENTS--GENERAL INFORMATION |
| fixed length control field |
240730b ||||| |||| 00| 0 eng d |
| 020 ## - INTERNATIONAL STANDARD BOOK NUMBER |
| International Standard Book Number |
9781621536024 |
| 082 ## - DEWEY DECIMAL CLASSIFICATION NUMBER |
| Classification number |
741.6 |
| 100 ## - MAIN ENTRY--PERSONAL NAME |
| Personal name |
Alex W. White |
| 245 ## - TITLE STATEMENT |
| Title |
The Elements of Logo Design: Design Thinking, Branding, Making Marks |
| 260 ## - PUBLICATION, DISTRIBUTION, ETC. (IMPRINT) |
| Name of publisher, distributor, etc |
Allworth |
| Date of publication, distribution, etc |
2017 |
| 942 ## - ADDED ENTRY ELEMENTS (KOHA) |
| Source of classification or shelving scheme |
|